<?xml version="1.0" encoding="UTF-8"?>
<record
    xmlns:xsi="http://www.w3.org/2001/XMLSchema-instance"
    xsi:schemaLocation="http://www.loc.gov/MARC21/slim http://www.loc.gov/standards/marcxml/schema/MARC21slim.xsd"
    xmlns="http://www.loc.gov/MARC21/slim">

  <leader>01172nem0a2200301   4500</leader>
  <controlfield tag="001">RU\NLR\cart\7807</controlfield>
  <controlfield tag="005">20250614031109.0</controlfield>
  <datafield tag="035" ind1=" " ind2=" ">
    <subfield code="a">(NLR Aleph) 010295387</subfield>
  </datafield>
  <datafield tag="090" ind1=" " ind2=" ">
    <subfield code="a">10568852</subfield>
    <subfield code="c">10568852</subfield>
  </datafield>
  <datafield tag="100" ind1=" " ind2=" ">
    <subfield code="a">20121023d1992    |||y0rusy50      ca</subfield>
  </datafield>
  <datafield tag="101" ind1="0" ind2=" ">
    <subfield code="a">rus</subfield>
  </datafield>
  <datafield tag="102" ind1=" " ind2=" ">
    <subfield code="a">RU</subfield>
  </datafield>
  <datafield tag="120" ind1=" " ind2=" ">
    <subfield code="a">bya xx||</subfield>
  </datafield>
  <datafield tag="123" ind1="1" ind2=" ">
    <subfield code="a">a</subfield>
    <subfield code="b">300 000</subfield>
  </datafield>
  <datafield tag="200" ind1="1" ind2=" ">
    <subfield code="a">&#x423;&#x441;&#x442;&#x44C;-&#x426;&#x438;&#x43B;&#x435;&#x43C;&#x441;&#x43A;&#x438;&#x439; &#x440;&#x430;&#x439;&#x43E;&#x43D;</subfield>
    <subfield code="b">&#x41A;&#x430;&#x440;&#x442;&#x44B;</subfield>
    <subfield code="e">&#x42D;&#x43A;&#x441;&#x43A;&#x443;&#x440;&#x441;&#x438;&#x43E;&#x43D;&#x43D;&#x43E; - &#x442;&#x443;&#x440;&#x438;&#x441;&#x442;&#x438;&#x447;&#x435;&#x441;&#x43A;&#x430;&#x44F; &#x43A;&#x430;&#x440;&#x442;&#x430;</subfield>
  </datafield>
  <datafield tag="206" ind1=" " ind2=" ">
    <subfield code="a">1:300 000, 3 &#x43A;&#x43C; &#x432; 1 &#x441;&#x43C;</subfield>
  </datafield>
  <datafield tag="210" ind1=" " ind2=" ">
    <subfield code="a">[&#x411;. &#x43C;.]</subfield>
    <subfield code="d">[1992]</subfield>
  </datafield>
  <datafield tag="215" ind1=" " ind2=" ">
    <subfield code="a">1 &#x43A;.</subfield>
    <subfield code="c">&#x446;&#x432;., &#x442;&#x435;&#x43A;&#x441;&#x442;</subfield>
    <subfield code="d">72&#x445;56 &#x441;&#x43C;, &#x441;&#x43B;&#x43E;&#x436;. 25&#x445;15 &#x441;&#x43C;</subfield>
  </datafield>
  <datafield tag="300" ind1=" " ind2=" ">
    <subfield code="a">&#x412; &#x43D;&#x430;&#x434;&#x437;&#x430;&#x433;.: 450 &#x43B;&#x435;&#x442; &#x423;&#x441;&#x442;&#x44C;-&#x426;&#x438;&#x43B;&#x44C;&#x43C;&#x435;</subfield>
  </datafield>
  <datafield tag="316" ind1=" " ind2=" ">
    <subfield code="a">&#x421; &#x430;&#x432;&#x442;&#x43E;&#x433;&#x440;. &#x427;&#x443;&#x43F;&#x440;&#x43E;&#x432;&#x430; &#x410;&#x43B;&#x435;&#x43A;&#x441;&#x430;&#x43D;&#x434;&#x440;&#x430; &#x424;&#x438;&#x43B;&#x438;&#x43F;&#x43F;&#x43E;&#x432;&#x438;&#x447;&#x430;</subfield>
  </datafield>
  <datafield tag="509" ind1="0" ind2="1">
    <subfield code="7">ca</subfield>
    <subfield code="a">&#x423;&#x441;&#x442;&#x44C;-&#x426;&#x438;&#x43B;&#x435;&#x43C;&#x441;&#x43A;&#x438;&#x439;</subfield>
    <subfield code="c">&#x440;&#x435;&#x441;&#x43F;&#x443;&#x431;&#x43B;&#x438;&#x43A;&#x430; &#x41A;&#x43E;&#x43C;&#x438;</subfield>
    <subfield code="h">&#x440;&#x430;&#x439;&#x43E;&#x43D;</subfield>
    <subfield code="9">2635084</subfield>
    <subfield code="3">RU\NLR\auth_crt\551915</subfield>
  </datafield>
  <datafield tag="606" ind1="0" ind2=" ">
    <subfield code="a">&#x41E;&#x431;&#x449;&#x435;&#x433;&#x435;&#x43E;&#x433;&#x440;&#x430;&#x444;&#x438;&#x447;&#x435;&#x441;&#x43A;&#x438;&#x435;</subfield>
    <subfield code="x">&#x421;&#x440;&#x435;&#x434;&#x43D;&#x435;&#x43C;&#x430;&#x441;&#x448;&#x442;&#x430;&#x431;&#x43D;&#x44B;&#x435;</subfield>
    <subfield code="9">2177728</subfield>
    <subfield code="3">RU\NLR\auth_crt\6610</subfield>
  </datafield>
  <datafield tag="620" ind1=" " ind2=" ">
    <subfield code="a">&#x420;&#x43E;&#x441;&#x441;&#x438;&#x44F;</subfield>
  </datafield>
  <datafield tag="801" ind1=" " ind2="0">
    <subfield code="a">RU</subfield>
    <subfield code="b">NLR</subfield>
    <subfield code="c">20121023</subfield>
    <subfield code="g">PSBO</subfield>
  </datafield>
  <datafield tag="852" ind1=" " ind2=" ">
    <subfield code="a">NLR</subfield>
    <subfield code="b">&#x41A;</subfield>
    <subfield code="j">4-&#x421;&#x435;&#x432; 3/763</subfield>
    <subfield code="m">85887</subfield>
  </datafield>
  <datafield tag="942" ind1=" " ind2=" ">
    <subfield code="c">MAP</subfield>
  </datafield>
  <datafield tag="980" ind1=" " ind2=" ">
    <subfield code="a">NB</subfield>
  </datafield>
</record>
